| 000 | 00376nam a22001457a 4500 | ||
|---|---|---|---|
| 003 | OSt | ||
| 008 | 240829b |||||||| |||| 00| 0 eng d | ||
| 020 | _a9788120834057 | ||
| 082 |
_a181.4 _bINI |
||
| 100 | _aWADA, Toshihiro | ||
| 245 | _aIndian Philosophy and Text Science | ||
| 260 |
_aDelhi: _bMotilal Banarsidss Publisher, _c2010. |
||
| 300 | _axii,206p. | ||
| 942 |
_2ddc _cBK |
||
| 999 |
_c12856 _d12856 |
||